Herkolubus alebo Červená planéta

Bibliographic Details
Main Author: Rabolú, V. M. (Author)
Format: Book
Language:Slovak
PhysicalDescription:[52] s. v Brailleovom písme 29×26 cm
Published: Levoča Slovenská knižnica pre nevidiacich Mateja Hrebendu 2002
ISBN:8080474621
Subjects:

MARC

LEADER 00000nam a2200000 a 4500
001 vtls001439005
003 SK-MaSNL
005 20260301202909.0
008 240314s2002 xo f y 0 slo
015 |a SNBK2002/03-01231 
020 |a 8080474621 
035 |a SNK000394151 
040 |a SNK  |b slo  |c SNK  |e AACR2 
041 0 |a slo 
044 |a xo  |c SK 
080 |a 133.52(02.056.262)  |2 1981 
100 1 |a Rabolú, V. M.  |4 aut  |9 397472 
245 1 0 |a Herkolubus alebo Červená planéta  |h slepecká tlač  |c V.M. Rabolú 
260 |a Levoča  |b Slovenská knižnica pre nevidiacich Mateja Hrebendu  |c 2002 
300 |a [52] s. v Brailleovom písme  |c 29×26 cm 
650 0 7 |a ezoterika  |2 SNK  |9 2083 
919 |a 80-8047-462-1 
958 |a KST 
958 |a SX 
958 |a OP 
958 |a ES 
958 |a NS 
999 |c 900618  |d 902548 
952 |t P60, <03>, [BOOK], {603}  |a SNK  |b SNK  |y PREZ  |7 0  |p 17A0352967  |o snkOSB 13341  |i snkKSP 9668/2002  |0 0  |1 0  |4 0  |d 2002-08-12  |l 0  |r 2005-01-02 00:00:00  |w 2026-02-24